| 000 | 00467nam a2200169Ia 4500 | ||
|---|---|---|---|
| 003 | GCL | ||
| 005 | 20240530095857.0 | ||
| 008 | 140319s9999 xx 000 0 eng d | ||
| 040 |
_aGCL / _cGCL |
||
| 082 | 0 | 4 |
_a306.45 _bLL |
| 100 | 1 | _aROSE, HILARY | |
| 245 | 1 | 0 |
_aLOVE,POWER AND KNOW LEDGE : TOWARDS A FENINIST TRANFORMATION OF THE SCIECES / _cROSE, HILARY |
| 260 |
_a[S.N] : _bPOLITY PRESS ، _c1994 |
||
| 300 | _a325P. | ||
| 650 | 0 | 4 | _aKNOWLEDGE |
| 942 |
_2ddc _cBK |
||
| 999 |
_c11663 _d11663 |
||